Chansons françaises par paroles commençant par C - Statistiques

Statistiques générales
  • Ce quiz a été pris 205 fois
  • Le résultat moyen est 10 sur 20
Statistiques - réponses
Paroles Chanson % Correct
Au gré des saisons
Des photomatons
Je m’abandonne à ces lueurs d’autrefois
Au gré des saisons
Des décisions
Je m’abandonne
Le {chant des sirènes}
78%
Elle commence à boire
À traîner dans les bars
Emmitouflée dans son cafard
Maintenant elle fait le trottoir
Cendrillon
72%
Quand je pense à toi
Je pense à moi
Je te promets pas le Grand Soir
Mais juste à manger et à boire
Un peu de pain et de chaleur
La {chanson des restos}
69%
Où sont les hommes les gangstas
Les pauvres ou les millionnaires
Les bobos les mecs en survêt
Les intellos les mecs en fumette
Cosmo
64%
Ils ont refermé derrière moi
Ils ont eu peur que je recule
Je vais bien finir par l'avoir
Cette danseuse ridicule
La {corrida}
63%
Alors je serai vieux
Et je pourrai crever
Je me cherch'rai un dieu
Pour tout me pardonner
Le {chanteur}
63%
Tu m'as dit j'ai rendez-vous
Dans un sous-sol avec des fous
Qui vivent la guitare à la main
Du soir au matin
Les {Champs-Élysées}
63%
Elle allait à l'école au village d'en bas
Elle apprenait les livres
Elle apprenait les lois
Elle chantait les grenouilles et les princesses
Qui dorment au bois
Comme toi
56%
Je te verrai tous les jours
Si je te pose des questions, qu’est-ce que tu diras
Et si je te réponds, qu’est-ce que tu diras
Si on parle d’amour, qu’est-ce que tu diras
Chanson sur ma drôle de vie
53%
C'est une façon de voir la vie
Un peuple plus grand qu'un pays
Un destin un regard
C'est de la musique et des cris
Un pour tous et tous réunis
Un chemin une histoire
Color Gitano
52%
Moi je me dis que c’est toi
Et je sais que tu y crois
Tu es celui qui rythme mes bonheurs
Qui rythme mes humeurs
Juste comme ça
Ça ira
50%
J'peux plus croire tout c'qui est marqué sur les murs
J'peux plus voir la vie des autres même en peinture
J'suis pas là pour les sourires d'après minuit
M'en veux pas si ce soir j'ai envie
Casser la voix
50%
J'sais qu'le passé c'est l'passé
Mais y a qu'à toi qu'j'peux m'confier
Tu sais, j'd'viens parano des fois
Quand j'reste seul, direct j'pense à toi
Clic clic pan pan
48%
Et c'était mon enfance et elle était heureuse
Dans la buée des lessiveuses
Et j'avais les terrils à défaut de montagnes
D'en haut je voyais la campagne
Les {corons}
45%
Tout seul
J’irai me coucher
Dans ce grand lit froid
_________
Mes larmes
Je les cacherai
_________
Comme d'habitude
44%
Elle marchait comme un chat
Qui méprise sa proie
En frôlant le flipper (na na na na na)
La chanson qui couvrait
Tous les mots qu'elle mimait
Semblait briser son cœur (na na na na)
Couleur menthe à l'eau
41%
Allez hop un matin
Une louloute est v'nue chez moi
Poupée de cellophane cheveux chinois
Un sparadrap une gueule de bois
A bu ma bière dans un grand verre
En caoutchouc
Ouh ouh ouh ouh
Comme un indien dans son igloo
Ça plane pour moi
36%
Sous le ciel de cristal
Je me sens si légère
Je vire délire et chavire
Dans un océan d’étoiles
Ce rêve bleu
36%
Il m’a dit t’es où
J’te rejoins au tel-hô
Moi j’m’en bats les reins
J’ai besoin d’un vrai djo
Copines
35%
J'veux faire un show j'demande pas mieux
Mais du nouveau, c'est tout c'que j'veux
Mais j'veux pas copier Ginger Rogers
Pourquoi toujours America first
Ça balance pas mal à Paris
14%
Aucun quiz correspondant
Distribution des résultats
% des personnes avec chaque résultat
Percentile par nombre de réponses
Votre historique - résultats
Vous n’avez pas pris ce quiz